Français/Allemand - Mois - Statistiques

Statistiques générales
  • Ce quiz a été pris 10 fois
    9 depuis la dernière actualisation
  • Le résultat moyen est 11 sur 12
Statistiques - réponses
Français Deutsch % Correct
Avril April
100%
Aout August
100%
Février Februar
100%
Janvier Januar
100%
Mai Mai
100%
Novembre November
100%
Octobre Oktober
100%
Septembre September
100%
Décembre Dezember
88%
Mars März
75%
Juillet Juli
63%
Juin Juni
63%
Aucun quiz correspondant
Distribution des résultats
% des personnes avec chaque résultat
Percentile par nombre de réponses
Votre historique - résultats
Vous n’avez pas pris ce quiz depuis la dernière actualisation